000 00361pam a2200157a 44500
008 230515b1998 xxu||||| |||| 00| 0 eng d
020 _aNULL
041 _aENGLISH
082 _a620.1/ POP
100 _aPOPOV E.P.
245 _aENGINEERING MECHANICS OF SOLIDS
250 _a1
260 _aNULL
_bPRENTICE HALL
_c1998
300 _a864 PB
650 _aNULL
999 _c637929
_d637929